| 000 | 00612nam a2200205 i 4500 | ||
|---|---|---|---|
| 001 | 93614 | ||
| 003 | ES-MaACL | ||
| 005 | 20250907063054.0 | ||
| 007 | t| | ||
| 008 | 050415s1973 sp ||||1| spa d | ||
| 080 | _a821.134.2-14"19" | ||
| 100 | 1 |
_aLópez Baeza, Antonio, _d1936- _9148919 |
|
| 245 | 1 | 0 |
_aLuz en el tiempo. (1969-73) / _cAntonio López Baeza. |
| 260 |
_aMurcia : _bEspigas, _c1973. |
||
| 300 |
_a62 p. : _bil. ; _c20 cm. |
||
| 490 | 1 |
_aColección Cántico ; _v2 |
|
| 830 | 0 |
_aColección Cántico ; _v2 _9232109 |
|
| 852 |
_aES-MaACL _jC-56046 _bR.88594 |
||
| 999 |
_c93614 _d93614 |
||